00298nam a2200097Ia 4500008004100000082001700041100002400058245005000082260005000132300001800182230907s9999||||xx |||||||||||||| ||und|| a621.313bYAZ aYazdani, Amirnaser, 0aVoltage-sourced converters in power systems : aIEEE Press/John Wiley,bHoboken, N.J. :c2010 axix, 451 p. :